00691nam a22001937a 4500999001900000005001700019010001300036020002300049035001300072037001600085082000700101100003400108245010500142246007500247260005200322270007200374300002400446942002700470 c175073d17507320200806144157.0 aB-122957 c350.00a8182230683 aB-122957 bBPPD/PUBa- aک aمنٹو سعا د ت حسن  aکليا ت منٹو( منٹو کے ا فسا نے جلد- د و م )cمنٹو سعا د ت حسن  bKulliyat-e-Manto(Manto Ke Afsane--Vol.2) (Urdu)aby Sadat Hasan Manto aN.DelhibEducational Publishing Housec2005 ء a3108,Vakil Street,Kucha Pndit Lal kuan bDelhie110006k23216162l- a1360 ص c22 Cm(Hb) 2ddccURhکmم ن ٹ